000 01369cam a22003857a 4500
003 CHAP
005 20220329135833.0
008 971013s1978 r 00010 d
010 _a43051
011 _a44023
035 _a48161
040 _cCHAP
090 _aTesis
100 0 0 _aSabbagh García, Eduardo Arturo.
_9101098
245 1 3 _aLa fertilización foliar nitrogenada como práctica para incremantar el rendimiento de grano en el cultivo de maíz en zonas de temporal
260 _aChapingo, Méx. :
_bEl autor,
_c1978
300 _a99 h.
_b: gráfs.
502 _aTesis (M.C. Esp. en Suelos) -- ENA. Colegio de Postgraduados
590 _aALEPH
_b10
_c20130110
_lUCH01
_h1312
590 _aBATCH-UPD
_b10
_c20130110
_lUCH01
_h0318
590 _aBATCH-UPD
_b10
_c20130110
_lUCH01
_h2025
590 _aBATCH-UPD
_b10
_c20130409
_lUCH01
_h2350
590 _aBATCH-UPD
_b10
_c20130913
_lUCH01
_h2146
590 _aCONVERSION
_b10
_c20130109
_lUCH01
_h1324
650 1 4 _aAgricultura de temporal.
_91999
650 1 4 _aFertilización foliar.
_940445
650 1 4 _aMaíz
_xRendimiento.
_971051
650 1 4 _aNitrógeno
_xEfecto en maíz.
_981447
901 _aBK
942 _cFOLL
949 _bBC
_cTES
_d-109258
_eTS1
_i48161
_si
949 _bBC
_cTES
_d-109259
_eTS2
_i48161
_si
949 _bBC
_cTES
_d-109260
_eTS2
_i48161
_si
949 _bBC
_cTES
_d-109261
_eTS2
_i48161
_si
999 _c43051
_d43051